00414pab a2200133 454500008004000000100001500040245011100055260000900166300001300175362001200188650003100200650001600231773003300247180718b2000 xxu||||| |||| 00| 0 eng d aKwaw, I.W. aLand re-distribution through Community Property Association (CPA) in the northern province of South Africa c2000 ap.319-37 aJul-Sep aLand tenure - South Africa aLand tenure aJournal of Rural Development